| 000 | 01976cam a2200493 a 4500 | ||
|---|---|---|---|
| 001 | c 62002374 | ||
| 003 | DLC | ||
| 005 | 20260227111034.0 | ||
| 008 | 041014q19271936cc 000 0 chi d | ||
| 010 | _ac 62002374 | ||
| 035 | _a(CStRLIN)DCLP04-B18688 | ||
| 040 |
_aDLC _cInU _dOCoLC _dMiU-A _dCStRLIN _dDLC-R _dDLC |
||
| 042 | _alccopycat | ||
| 050 | 0 | 0 |
_aPL2464.Z6 _bK8 1936 |
| 066 | _c$1 | ||
| 100 | 1 |
_6880-01 _aKong, Yingda, _d574-648. |
|
| 245 | 1 | 0 |
_6880-02 _aZhou yi zhu shu : _b[9 juan / _cKong Yingda feng chi zhuan ; Wang Bi zhu]. |
| 246 | 1 | 4 |
_6880-03 _aZhou yi zheng yi |
| 260 |
_6880-04 _aShanghai : _bZhonghua shu ju, _c[1936?] |
||
| 300 |
_a4 v. in 1 ; _c21 cm. |
||
| 440 | 0 |
_6880-05 _aSi bu bei yao. _pJing bu |
|
| 500 | _aOn double leaves, oriental style. | ||
| 501 |
_6880-06 _aWith: Zhou yi yin yi / Lu Deming zhuan. |
||
| 501 |
_6880-07 _aWith: Zhou yi shi wen jiao kan ji / Ruan Yuan zhuan ; Lu Xuanxun zhai lu. |
||
| 630 | 0 | 0 |
_6880-08 _aYi jing. |
| 700 | 1 |
_6880-09 _aWang, Bi, _d226-249. |
|
| 700 | 1 |
_6880-10 _aLu, Deming, _d556-627. _tZhou yi yin yi. |
|
| 700 | 1 |
_6880-11 _aRuan, Yuan, _d1764-1849. _tZhou yi shi wen jiao kan ji. |
|
| 740 | 0 |
_6880-12 _aZhou yi yin yi. |
|
| 740 | 0 |
_6880-13 _aZhou yi shi wen jiao kan ji. |
|
| 880 | 1 |
_6100-01/$1 _a孔頴達, _d574-648. |
|
| 880 | 1 | 0 |
_6245-02/$1 _a周易注疏 : _b[9卷 / _c孔穎達奉敕撰 ; 王弼注]. |
| 880 | 1 | 4 |
_6246-03/$1 _a周易正義 |
| 880 |
_6260-04/$1 _a上海 : _b中華書局, _cb[1936?] |
||
| 880 | 0 |
_6440-05/$1 _a四部備要. _p經部 |
|
| 880 |
_6501-06/$1 _aWith 周易音義 / 陸德明撰. |
||
| 880 |
_6501-07/$1 _aWith: 周易釋文校勘記 / 阮元撰 ; 盧宣旬摘錄. |
||
| 880 | 0 | 0 |
_6630-08/$1 _a以經. |
| 880 | 1 |
_6700-09/$1 _a王弼, _d226-249. |
|
| 880 | 1 |
_6700-10/$1 _a陸德明, _d556-627. _t周易音義. |
|
| 880 | 1 |
_6700-11/$1 _a阮元, _d1764-1849. _t周易釋文校勘記. |
|
| 880 | 0 |
_6740-12/$1 _a周易音義. |
|
| 880 | 0 |
_6740-13/$1 _a周易釋文校勘記. |
|
| 999 |
_c12790 _d12790 |
||